[Event "SVK-ch U14 Girls"]
[Site "Liptovsky Mikulas"]
[Date "2018.04.26"]
[Round "8"]
[White "Mikova, Miriam"]
[Black "Zudorova, Miroslava"]
[Result "1-0"]
[WhiteElo "1000"]
[BlackElo "1457"]
[PlyCount "73"]
[EventDate "2018.04.21"]
[EventType "swiss"]
[EventRounds "9"]
[EventCountry "SVK"]
[SourceTitle "CBM 184 Extra"]
[Source "ChessBase"]
[SourceDate "2018.06.28"]
[SourceVersion "1"]
[SourceVersionDate "2018.06.28"]
[SourceQuality "1"]

1. d4 d5 2. Bf4 Nc6 3. e3 Nf6 4. Bd3 e6 5. Nf3 Be7 6. Ne5 0-0 7. Nxc6 bxc6 8. 0-0 c5 9. c3 Bb7 10. Nd2 Ne4 11. Nxe4 dxe4 12. Bc2 Bd6 13. Bxd6 cxd6 14. Qe2 Qg5 15. Rfd1 cxd4 16. cxd4 Bd5 17. b3 Rac8 18. Rac1 Rc7 19. Bb1 Rfc8 20. Rxc7 Rxc7 21. Qb5 h6 22. Qb8+ Kh7 23. Qxc7 f5 24. Qxd6 Qg4 25. Rc1 Qe2 26. Qc5 f4 27. Qc2 Qg4 28. h3 Qh5 29. exf4 Qh4 30. Qd2 h5 31. Re1 Kh6 32. Bxe4 Bxe4 33. Rxe4 g6 34. f5+ Qg5 35. Qxg5+ Kxg5 36. fxe6 Kf5 37. Re2 1-0